export_success — 

Conflict and innovation joint ventures in China /

Bibliographic Details
Corporate Author: ProQuest (Firm)
Other Authors: Douw, Leo., Chan, Kwok B.
Format: Electronic eBook
Language:English
Published: Leiden ; Boston : Brill, 2006.
Series:International comparative social studies ; v. 11.
Subjects:
Online Access:Click to View
LEADER 01585nam a2200421 a 4500
001 EBC3004238
003 MiAaPQ
005 20200520144314.0
006 m o d |
007 cr cn|||||||||
008 060321s2006 ne a sb 001 0 eng d
010 |z  2006043930 
020 |z 9004151885 (hardback : alk. paper) 
020 |z 9789004151888 
020 |z 9789047409854 
035 |a (MiAaPQ)EBC3004238 
035 |a (Au-PeEL)EBL3004238 
035 |a (CaPaEBR)ebr10235034 
035 |a (CaONFJC)MIL139948 
035 |a (OCoLC)923614220 
040 |a MiAaPQ  |c MiAaPQ  |d MiAaPQ 
043 |a a-cc--- 
050 4 |a HD62.47  |b .C66 2006 
082 0 4 |a 338.8/7  |2 22 
245 0 0 |a Conflict and innovation  |h [electronic resource] :  |b joint ventures in China /  |c edited by Leo Douw and Chan Kwok-Bun. 
260 |a Leiden ;  |a Boston :  |b Brill,  |c 2006. 
300 |a vi, 283 p. :  |b ill. 
490 1 |a International comparative social studies,  |x 1568-4474 ;  |v v. 11 
504 |a Includes bibliographical references and index. 
533 |a Electronic reproduction. Ann Arbor, MI : ProQuest, 2015. Available via World Wide Web. Access may be limited to ProQuest affiliated libraries. 
650 0 |a Joint ventures  |z China  |x Management. 
650 0 |a International business enterprises  |z China  |x Management. 
655 4 |a Electronic books. 
700 1 |a Douw, Leo. 
700 1 |a Chan, Kwok B. 
710 2 |a ProQuest (Firm) 
830 0 |a International comparative social studies ;  |v v. 11. 
856 4 0 |u https://ebookcentral.proquest.com/lib/matrademy/detail.action?docID=3004238  |z Click to View